Markets (Record no. 83368)

MARC details
000 -LEADER
fixed length control field 01202cab a22002055a 4500
001 - CONTROL NUMBER
control field L153773
008 - FIXED-LENGTH DATA ELEMENTS--GENERAL INFORMATION
fixed length control field 110830e20110826xxk 000 0 eng d
035 ## - SYSTEM CONTROL NUMBER
System control number (Sirsi) u153773
041 0# - LANGUAGE CODE
Language code of text/sound track or separate title eng
100 1# - MAIN ENTRY--PERSONAL NAME
Personal name Stewart, Sarah
245 00 - TITLE STATEMENT
Title Markets
Remainder of title business and science parks
260 ## - PUBLICATION, DISTRIBUTION, ETC.
Date of publication, distribution, etc. 2011
490 #0 - SERIES STATEMENT
Series statement Property Week
Volume/sequential designation 77(34) 26 August 2011, 39-44(4)
520 ## - SUMMARY, ETC.
Summary, etc. Government's enterprise zone announcement will help sale of Pfizer's redundant Sandwich research campus. GVA's 2011 business park sector review shows take-up increasing in H1 2011 but the north-south divide both in take-up and in availability has widened significantly. Edinburgh Bioquarter's developers are in talks with five companies to take space at its Nine scheme. Two buildings will be completed in September at Quorum Business Park in Newcastle, the UK's largest speculative development outside London. Horizon has expanded its Cambridge Research Park operation by taking the entire Building 7100.
590 ## - LOCAL NOTE (RLIN)
Local note KA
651 #4 - SUBJECT ADDED ENTRY--GEOGRAPHIC NAME
Geographic name United Kingdom
Chronological subdivision
690 ## - LOCAL SUBJECT ADDED ENTRY--TOPICAL TERM (OCLC, RLIN)
Topical term or geographic name as entry element PROPERTY-COMMERCIAL PROPERTY-COMMERCIAL PROPERTY MARKET
690 ## - LOCAL SUBJECT ADDED ENTRY--TOPICAL TERM (OCLC, RLIN)
Topical term or geographic name as entry element PROPERTY-COMMERCIAL PROPERTY-COMMERCIAL PROPERTY FINANCE AND INVESTMENT
942 ## - ADDED ENTRY ELEMENTS (KOHA)
Suppress in OPAC 0
Holdings
Withdrawn status Lost status Source of classification or shelving scheme Damaged status Not for loan Home library Current library Shelving location Date acquired Total Checkouts Full call number Barcode Date last seen Copy number Price effective from Koha item type
    Dewey Decimal Classification     London London Journal article 30/08/2011   L153773 153773-1001 06/08/2019 1 06/08/2019 Journal article